000 00406nam a2200133Ia 4500
005 20260326235458.0
008 260326s9999||||xx |||||||||||||| ||und||
100 _aSheppard, R.; Wright, H.
245 0 _aLa luz del día en los Edificios :
_b Manual Gráfico para Estudio de Proyectos /
_cR.; Wright, H. Sheppard
260 _bReverté
300 _a84 p.
650 _aILUMINACIÓN EN TALLERES
942 _cBK
999 _c7999
_d7999